Worshipping false Gods : (Record no. 157443)

MARC details
000 -LEADER
fixed length control field 00776nam a22002057a 4500
005 - DATE AND TIME OF LATEST TRANSACTION
control field 20180912155923.0
010 ## - LCCN (DPL NO)
LC control number B-705490
020 ## - INTERNATIONAL STANDARD BOOK NUMBER
International Standard Book Number 9789350293430
Terms of availability 799.00
035 ## - SYSTEM CONTROL NUMBER
System control number B-705490
037 ## - SOURCE OF ACQUISITION
Source of stock number/acquisition PANSY BOOKS(RP)
082 ## - DEWEY DECIMAL CLASSIFICATION NUMBER
Classification number 954
100 ## - MAIN ENTRY--PERSONAL NAME
Personal name Shourie, Arun
245 ## - TITLE STATEMENT
Title Worshipping false Gods :
Statement of responsibility, etc by Arun Shourie
Remainder of title Ambedkar, and the facts which have been erased /
260 ## - PUBLICATION, DISTRIBUTION, ETC. (IMPRINT)
Place of publication, distribution, etc Uttar Pradesh
Name of publisher, distributor, etc HarperColluns
Date of publication, distribution, etc 2012
270 ## - ADDRESS
Address A-75, sector 57
City Noida
Postal code 201301
300 ## - PHYSICAL DESCRIPTION
Extent xii, 664p.
Dimensions 23 cm. (pbk)
500 ## - GENERAL NOTE
General note Bibliographical reference and includes index
942 ## - ADDED ENTRY ELEMENTS (KOHA)
Source of classification or shelving scheme Dewey Decimal Classification
Item type English Books
Classification part 954
Call number suffix SHO
Holdings
Withdrawn status Lost status Not for loan Collection code Home library Current library Date acquired Source of acquisition Cost, normal purchase price Full call number Barcode Copy number Cost, replacement price Koha item type
      Non-fiction Shahdara Branch Shahdara Branch 12/09/2018 BPPD/PUB 799.00 954 SHO B-705490 1 799.00 English Books

© Delhi Public Library
Hit Counter
free hit counter